000 00702cam a2200181 a 4500
001 000007507
005 20200929154207.0
008 831201s1972 mx a 000 0 spa d
040 _aDO-SdBNP
_bspa
_cBNPHU
050 0 0 _aF1233.M4696
_bM4
082 _axx
_bxx
100 1 _aMendieta Alatorre, Angeles.
_920845
245 1 0 _aMargarita Maza de Juarez :
_bepistolario, antología, iconografía e efemérides /
_cAngeles Mendieta Alatorre.
260 _aMéxico :
_bComision Nacional para la Conmemoración del Centenario del Fallecimiento de Don Benito Juárez,
_c1972.
300 _a238 p. :
_bil. ;
_c20 cm.
504 _aBibliografía : 235-238 p.
600 1 0 _aMaza de Juarez, Margarita,
_d1826-1871.
_920846
999 _c7288
_d7288